Atlético de Madrid Squad 2019-2020 - Statistics

General Stats
  • This quiz has been taken 55 times
  • The average score is 20 of 24
Answer Stats
# Position Nation Player % Correct
13 GK Slovenia Jan Oblak
100%
7 FW Portugal João Félix
97%
2 DF Uruguay José María Giménez
97%
21 FW Belgium Yannick Carrasco
97%
6 MF Spain Koke
94%
15 DF Montenegro Stefan Savić
94%
5 MF Ghana Thomas Partey
94%
9 FW Spain Álvaro Morata
91%
10 FW Argentina Ángel Correa
91%
- Coach Argentina Diego Simeone
91%
12 DF Brazil Renan Lodi
91%
8 MF Spain Saúl Ñíguez
91%
16 MF Mexico Héctor Herrera
88%
23 DF England Kieran Trippier
88%
14 MF Spain Marcos Llorente
88%
4 DF Colombia Santiago Arias
88%
11 FW France Thomas Lemar
88%
1 GK Spain Antonio Adán
78%
19 FW Spain Diego Costa
78%
22 DF Spain Mario Hermoso
78%
18 DF Brazil Felipe
75%
24 DF Croatia Šime Vrsaljko
72%
17 FW Serbia Ivan Šaponjić
50%
20 FW Spain Vitolo
47%
No matching quizzes found
Score Distribution
Percent of People with Each Score
Percentile by Number Answered
Your Score History
You have not taken this quiz